Curso básico de psicología /

Guardado en:
Autor Principal: Damond de Pistarini, Elba Rut
Formato: Libro
Publicado: Buenos Aires : Estrada, 1989
Edición:6a. ed.
Materias:
Etiquetas: Agregar Etiqueta
Sin Etiquetas, Sea el primero en etiquetar este registro!
LEADER 00500nam a22001815a 4500
001 CEM.cems007091
005 20060214000000.0
008 130507s1989##################000#0#####d
003 CEMS
082 0 4 |a 150 
100 1 |a Damond de Pistarini, Elba Rut 
245 1 0 |a Curso básico de psicología / 
250 |a 6a. ed. 
260 |a Buenos Aires :  |b Estrada,  |c 1989 
300 |a 167 p. 
653 |a Psicología 
653 |a Psicología-5to. año 
859 |a CEMS  |b BIB. CEMS - 11 de abril  |h 150  |i D197a6  |p 16064.91  |t Ej.1